000 00627nam a22001937a 4500
005 20251108173550.0
008 250721s2006 xx 000 0 ara d
082 1 4 _a798.20956/ مهم
100 1 _aمهملات، عثمان
245 1 0 _aالحصان العربي : بصمات ذهبية على سلالات الخيول في أوروبا و أمريكا /
250 _aط.2
264 1 _aحلب :
_bشعاع للنشرو العلوم،
_c2006.
300 _a375ص.
650 1 7 _aالخيول العربية
650 1 7 _aخيول السباق
650 1 7 _aالفروسية
942 _2ddc
_cBK
999 _c106958
_d106958